हिंदी संत - वाडमयातील परमार्थ मार्ग (Record no. 403202)
[ view plain ]
| 000 -LEADER | |
|---|---|
| fixed length control field | 01199nam a2200169Ia 4500 |
| 008 - FIXED-LENGTH DATA ELEMENTS--GENERAL INFORMATION | |
| fixed length control field | 100122s9999 xx 000 0 und d |
| 082 ## - DEWEY DECIMAL CLASSIFICATION NUMBER | |
| Item number | 11983 |
| Classification number | 294.5 |
| 100 ## - MAIN ENTRY--PERSONAL NAME | |
| Personal name | रानडे रा द |
| 245 ## - TITLE STATEMENT | |
| Title | हिंदी संत - वाडमयातील परमार्थ मार्ग |
| 260 ## - PUBLICATION, DISTRIBUTION, ETC. (IMPRINT) | |
| Name of publisher, distributor, etc | कृ.वे.गजेंद्रगडकर |
| Date of publication, distribution, etc | 1960 |
| 300 ## - PHYSICAL DESCRIPTION | |
| Extent | 262 |
| 520 ## - SUMMARY, ETC. | |
| Summary, etc | "हिंदुधर्म, हिंदुतत्त्वज्ञान , परमार्थ,भक्तिमार्ग, संतवाङमय - हिंदी. भक्तिसंप्रदाय, अध्यात्म, नामस्मरण" |
| 620 ## - | |
| -- | "हिंदुधर्म, हिंदुतत्त्वज्ञान , परमार्थ,भक्तिमार्ग, संतवाङमय - हिंदी. भक्तिसंप्रदाय, अध्यात्म, नामस्मरण" |
| 630 ## - SUBJECT ADDED ENTRY--UNIFORM TITLE | |
| Uniform title | हिंदी संत - वाडमयातील परमार्थ मार्ग |
| 730 ## - ADDED ENTRY--UNIFORM TITLE | |
| Uniform title | हिंदी संत - वाडमयातील परमार्थ मार्ग |
| 942 ## - ADDED ENTRY ELEMENTS (KOHA) | |
| Koha item type | Book |
No items available.